| 000 | 00526nam a2200169Ia 4500 | ||
|---|---|---|---|
| 999 |
_c7012 _d7012 |
||
| 003 | OSt | ||
| 005 | 20200118104427.0 | ||
| 008 | 190216s9999||||xx |||||||||||||| ||und|| | ||
| 020 | _a8183180418 | ||
| 040 | _coclc | ||
| 082 |
_a658.8 _bSHE/P |
||
| 100 |
_aSherlekar, S A _91234 |
||
| 245 | 0 |
_aPrinciples Of Marketing / _cS A Sherlekar ; Nirmala Prasad K ; S J Salvadore Victor |
|
| 260 |
_bHimalaya Publishing House, _c2004. _aNew Delhi: |
||
| 300 | _a368p | ||
| 942 |
_cBK _2ddc _h658.8 _iSHE/P _k658.8 _mSHE/P |
||